000 00354 a2200109 4500
001 ART_12415
005 20260410161906.0
008 260409a
245 1 0 _aMaximum likelihood estimation of econometric frontier functions
100 1 _aGreene, William H.
773 0 _tJournal of econometrics
_g- Vol. 13, NÂș 1 (may. 1980)
_wREV11720
999 _c26344
_d26344